Statistics for Best QB to ever be a member of every team

Click here to take the quiz!

General Stats

  • This quiz has been taken 18 times
  • The average score is 20 of 32

Answer Stats

TeamTE% Correct
INDPeyton Manning
100%
DENPeyton Manning
100%
NEPTom Brady
100%
TBBTom Brady
100%
GBPAaron Rodgers
94%
NOSDrew Brees
94%
MIADan Marino
88%
CARCam Newton
81%
SFFJoe Montana
81%
KANJoe Montana
81%
ATLBrett Favre
75%
NYJBrett Favre
75%
MINBrett Favre
75%
HOUDeshaun Watson
75%
LARKurt Warner
69%
ARIKurt Warner
69%
DALRoger Staubach
63%
CLEOtto Graham
56%
SEAWarren Moon
56%
TENWarren Moon
56%
LVRKen Stabler
50%
JAXMark Brunell
50%
CINKen Anderson
44%
NYGFran Tarkenton
38%
CHISid Luckman
38%
BALSteve McNair
38%
BUFDrew Bledsoe
31%
WASSammy Baugh
31%
LACJohnny Unitas
25%
PITJohnny Unitas
25%
DETBobby Layne
19%
PHIRoman Gabriel
6%

Score Distribution

Percentile by Number Answered

Percent of People with Each Score

Your Score History

You have not taken this quiz